| 000 | 00399nam a2200181 4500 | ||
|---|---|---|---|
| 999 |
_c67752 _d67752 |
||
| 001 | 6848 | ||
| 003 | OSt | ||
| 005 | 20210701135108.0 | ||
| 007 | tu | ||
| 008 | s1794||||||| ger | ||
| 040 |
_cSTAFF _dSTAFF |
||
| 245 | 0 | 0 | _aLitterarisches Pantheon |
| 264 |
_aLeipzig _bApitz _aFrankfurt (Oder) _c1794 |
||
| 365 | _cDEM | ||
| 500 | _aBd. 1 + 4. | ||
| 546 | _adeutsch | ||
| 942 |
_2z _cB |
||